Las bienaventuranzas: avances de luz en el Antiguo Testamento y luz llena en el nuevo

Salvato in:
Dettagli Bibliografici
Autore principale: Asencio, Félix (Autore)
Natura: Libro
Lingua:spagnolo
Pubblicazione: Bilbao El Mensajero del Corazón de Jesús 1958
Edizione:1a. ed
Soggetti:
Tags: Aggiungi Tag
Nessun Tag, puoi essere il primo ad aggiungerne!!

MARC

LEADER 00000cam a2200000 a 4500
001 UCE9647
003 CL-VaPUC
008 151029e19580000sp |||||||||||||||||spa|d
082 0 4 |a 226.93  |b ASE  |2 21 
100 0 |a Asencio, Félix  |e author  |9 582524 
245 1 4 |a Las bienaventuranzas: avances de luz en el Antiguo Testamento y luz llena en el nuevo 
250 |a 1a. ed 
300 |a 208 p 
942 |c BK 
945 |d 20151029 22:28:00  |a gsalatino 
260 |a Bilbao  |b El Mensajero del Corazón de Jesús  |c 1958 
600 0 7 |a ANTIGUO TESTAMENTO  |2 CL-VaPUC  |9 482707 
650 0 |a Bienaventuranzas  |9 322890 
583 |a last modification  |c 20151029 22:28:00  |k Rodrigo Vera 
999 |c 361292  |d 361290 
952 |0 0  |1 0  |3 erb  |4 0  |6 226_930000000000000_ASE_1958  |7 0  |8 P  |9 471723  |a BIBTEO  |b BIBTES  |c TEO_FTES  |i 5207673  |o 226.93 ASE 1958  |p 5207673  |r 2024-01-18  |w 2019-11-24  |y BK  |z Catalogado en:20151029  |k ICR